MDQL
is popping MORE tags! Check the
thread
!
Quizzes
Events
Quiz Creation
Community
Videos
Private Events
Remove Ads
Sign In
Join for FREE
Feedback
Dark Mode
Quiz Categories
Sports
Geography
Music
Movies
Television
Just For Fun
Miscellaneous
History
Literature
Language
Science
Gaming
Entertainment
Religion
Holiday
For Kids
Quiz Lab
Recent
Popular Today
Quiz Kudos Today
Editor Picks
Curator Picks
Quizzes by...
Day
Popularity
Type
Ratings
Length
Year
Community
Subscriptions
Recent Discussions
Orange Saloon
Badges
Playlists
Quests
Create
Leaderboards
Showdown
Live 5
Trivia Bingo
Activity
Puzzle Library
Sporcle Events
Private Events
Virtual Trivia
Globe League
Become a Host
Pub Owners
SporcleCon
Opinionation
Our Games
Videos
Blog
Mobile Apps
Partnerships
Remove Ads and Go Orange
Feedback
Music
Pop Music
The Beatles
Song
Album
Lyrics
Bands
Singers
Artist
Clip
Rock
Rap
Classical
Billboard
Country Music
Kpop
Taylor Swift
Music
Pop Music
The Beatles
Song
Album
Lyrics
Bands
Singers
Artist
Clip
Rock
Rap
Classical
Billboard
Country Music
Kpop
Taylor Swift
Random Quiz
Search Sporcle
×
Quiz Lab
Quiz Lab
Music
champion
Type in answers that appear in a list
Type in answers that appear in a list
Classic
Best Score? Go Orange.
We Are The Champions Lyrics Stats
Can you name the We Are The Champions Lyrics?
By
survivordude56
7m
153 Questions
134 Plays
134 Plays
134 Plays
Comments
Comments
Give Quiz Kudos
Give Quiz Kudos
-
- Ratings
hide this ad
Replay
Link that replays current quiz
Next Quiz
Link to next quiz in quiz playlist
You Got
0%
They Got
Avg Score
85%
Avg Friend Score
Upgrade to see
Score Distribution
Jump to the score distribution portion of the page
Score
0/153
Timer
07:00
0
Plays Today
% Correct
And
98.5%
a
98.5%
We
98.5%
are
98.5%
the
98.5%
champions
98.5%
and
98.5%
the
98.5%
We
98.5%
are
98.5%
the
98.5%
champions
98.5%
we
98.5%
are
98.5%
the
98.5%
champions
98.5%
we
98.5%
are
98.5%
the
98.5%
champions
98.5%
the
98.5%
and
98.5%
and
98.5%
and
98.5%
a
98.5%
the
98.5%
and
98.5%
we
98.5%
are
98.5%
the
98.5%
champions
98.5%
and
98.5%
the
98.5%
we
98.5%
are
98.5%
the
98.5%
champions
98.5%
we
98.5%
are
98.5%
the
98.5%
champions
98.5%
we
98.5%
are
98.5%
the
98.5%
champions
98.5%
the
98.5%
my
97%
my
97%
time
97%
time.
97%
no
97%
% Correct
my
97%
of
97%
my
97%
my
97%
no
97%
time
97%
for
97%
of
97%
my
97%
my
97%
no
97%
of
97%
no
97%
my
97%
no
97%
time
97%
for
97%
of
97%
cause
95.5%
cause
95.5%
on
94.7%
end
94.7%
losers
94.7%
on
94.7%
end
94.7%
losers
94.7%
well
94%
keep
94%
fighting
94%
world
94%
well
94%
keep
94%
fighting
94%
world
94%
friend
93.2%
I've
92.5%
I've
92.5%
I've
92.5%
I've
92.5%
ive
92.5%
ive
92.5%
lose
92.5%
after
87.2%
but
85%
but
85%
but
85%
crime.
84.2%
few.
84.2%
till
83.5%
till
83.5%
paid
82.7%
% Correct
made
82.7%
dues
82%
mistakes
82%
it
80.5%
it
80.5%
you
78.2%
you
78.2%
sentence
77.4%
commited
76.7%
through
75.9%
all
75.9%
bad
74.4%
friends
74.4%
done
72.9%
had
72.9%
been
72.9%
that
72.2%
bed
71.4%
roses
70.7%
its
69.9%
come
68.4%
goes
67.7%
in
66.9%
with
66.9%
thank
66.9%
curtain
66.2%
share
65.4%
calls
65.4%
everything
64.7%
i
63.2%
i
63.2%
i
63.2%
fame
62.4%
pleasure
61.7%
fortune
60.9%
taken
59.4%
cruise
59.4%
kicked
57.9%
face
57.9%
me
57.9%
human
57.9%
race
57.9%
bows
56.4%
challenge
55.6%
consider
54.1%
whole
52.6%
sand
51.1%
before
49.6%
brought
43.6%
gonna
36.8%
ain't
31.6%
Quiz Playlist
Details
Report
Send in Message
Add To Playlist
Classic:
Type in answers that appear in a list
Last Updated: Feb 16, 2017
Quiz Scoreboard
CHALLENGE
Sign Up to Join the Scoreboard
Show All
Scores
Hide
Comments
May contain spoilers
Recently Published
Holiday 10x10 Sorting Gallery
by lukepisani3
Holiday
15m
Two Season TV Shows II
by 123Four
Television
10m
Image Sorting: Flags VI
by Barbecue
Geography
2m
More to Explore
Quiz From the Vault
Featured Blog Post
14 Easter Pick-up Lines to Find Eggs With
hide this ad
You Might Also Like...
Tags
champion
Today's Top Quizzes in Music
Browse Music
hide this ad
Today's Top Quizzes in champion
Browse champion
Top Contributed Quizzes in Music
1
5X2 Blitz: Bands II
2
Taylor Swift All Songs (2024)
3
5X2 Blitz: The Beatles
4
5X2 Blitz: Billboard
5
Music Artist by Three 2010s hits
6
5X2 Blitz: Billboard II
7
Singers Born in the 1930s
8
5X2 Blitz: Album
9
5X2 Blitz: Rock
10
5X2 Blitz: Singers
Explore More
Trending Topics
NBA
Disney
Anime
Crossword
Marvel
Kpop
Harry Potter
Puzzle
The Office
WWE
Song
Country
Pokémon
Soccer
NFL
hide this ad
More By:
survivordude56
Quiz
Plays
Rating
Category
Featured
Created
2013 Movies Slideshow
73,597
4.07
Movies
Jul 11, 2013
Full House Characters Slideshow
30,319
4.02
Television
Jul 17, 2013
Star Wars The Clone Wars Characters
7,197
4.86
Television
Jan 21, 2013
Major Survivor Contestants
4,182
3.94
Television
Mar 15, 2013
Finish The Avengers Quotes
4,100
4.22
Movies
Apr 2, 2013
Go to Creator's Profile
Score Distribution
Quiz Creator Spotlight
survivordude56
Follow
Send a Message
Quizzes Created
-
Created Quiz Play Count
-
More By This Creator
Popular Quizzes Today
1
Find the US States - No Outlines Minefield
2
Colored Red Africa Blitz
3
Find the 'City' Movie
4
The Countries of the World
5
Find the US States
6
5x2 Blitz: Bands
7
Find the Countries of Europe - No Outlines Minefield
8
US States
More Music Quizzes
Taylor Swift - Taylor Swift (album) (opening lyrics)
Quiz Lab
Trending Quizzes
Colored Red Europe Blitz I
Colored Red Europe Blitz II
Colored Red Africa Blitz II
Colored Red Europe Blitz III
Colored Red Africa Blitz III
Recently Updated
Odd Team Out - Big 4 Players
pecheneg
Quick Pick: 20 Twenties
pecheneg
March Madness Men's Triple Doubles
pecheneg
How Do You Spell That?
pecheneg
Godzilla Movies
pecheneg
Grab Bag: 4-10 Letters
pecheneg
2024 March Madness Bracket
pecheneg
Famous TV Couples
Peacemaker
Champions League XIs: Real Madrid
pecheneg
Largest US Cities 1790-2010
pecheneg
Trending Topics
NBA
Harry Potter
Marvel
Crossword
Disney
Kpop
Anime
Pokémon
Puzzle
Country
Song
The Office
NFL
Soccer
WWE
Your Account Isn't Verified!
In order to create a playlist on Sporcle, you need to verify the email address you used during registration. Go to your
Sporcle Settings
to finish the process.
Report this User
Report this user for behavior that violates our
Community Guidelines
.
Details:
Send Report
Go to the Sporcle.com Mobile Site →
Comments